000 00576 a2200193 4500
999 _c11434
_d11434
020 _a9781779277664
050 _aHJ3052
_bNYA 2024
100 _aNyatanga, Partson
_eauthor
245 _aA Guide to Zimbabwe Taxation /
_cPartson Nyatanga
250 _aEleventh edition
264 _aHarare :
_bHavenhill,
_c2024
300 _a397 pages
_bilustrations
336 _2rdacontent
_atext
_btxt
337 _2rdamedia
_aunmediated
_bn
338 _2rdacarrier
_avolume
_bn
500 _aIncludes index
650 _aTaxation
_xZimbabwe
942 _2lcc
_cBK
_h3052
_iNYA
_kHJ
_e11th edition